LDR 00739naa#a2200169#i#450# 001 EN\\bibl\122081 005 20260701093303.3 011 ## _a2782-5256 100 ## _a20260319b2026####ek#y0engy0150####ca 102 ## _aRU 200 1# _aForms of systematization of criminalistically significant information that makes up the content of criminal and investigative situations in the investigation of transnational crimes _eJournal article 210 1# _aMoscow _cMoscow University of the Ministry of Internal Affairs of Russia named after V.Ya. Kikot _d2026 215 ## _a7 с. 608 ## _aJournal article _2local 675 ## _aПраво. Юридические науки. 34 _z 700 #1 _aSharifhodzhaev _gSharifhodzha Islomhodzhaevich 856 4# _amosumvd.editorum.ru _u